Category Elimination - JetPunk Discord Members - Statistics

General Stats
  • This quiz has been taken 82 times
    36 since last reset
  • The average score is 12 of 20
Answer Stats
Group # Category % Correct
Green 28 Frequent Contributors
100%
Green 19 ... with at least 20,000 messages
100%
Green 6 ... and joined the server in 2019
100%
Orange 34 Members with at least 20,000 messages
96%
Orange 25 ... who joined the server during the first half of any year (Jan–Jun)
92%
Blue 68 Honorable Members
88%
Purple 30 Members who participated in the December 2020 Olympics
69%
Purple 18 ... who do not live in the United States
69%
Purple 8 ... with a non-English featured quiz
62%
Green 2 ... and lives in North America
58%
Purple 3 ... and is 15 years old or younger
54%
Blue 32 ... with less than 10,000 messages
50%
Blue 17 ... and joined the server in 2020
46%
Blue 7 ... and lives in Europe
42%
Orange 10 ... and has less than 10,000 takes
38%
Orange 3 ... and is not currently an FC
35%
Green 1 ... with at least 100,000 takes Ninja
35%
Blue 1 ... and has a quizmaker rank less than 100 Poirot
35%
Purple 1 ... and who has not had a quiz featured via nominations Bots
31%
Orange 1 ... with a featured quiz Stef
27%
No matching quizzes found
Score Distribution
Percent of People with Each Score
Percentile by Number Answered
Your Score History
You have not taken this quiz since the last reset